00327 2200145 4500245003900000250001100039100002400050650001700074650001600091005001900107260001800126041001400144084001400158336000900172 aIni AkucAisyah Nurul QoirohhText aCet. 1 aAisyah Nurul Qoiroh aAutobiografi aKarya Siswa a20250522105509 aJakartac2025 aIndonesia a081 AIS i atext